000 00224nam a22000857a 4500
008 160706b xxu||||| |||| 00| 0 eng d
100 _92333
_a Bono, E.D
245 _aThe Use of Lateral Thinking
260 _aNew York
_bPenguin
_c1967
999 _c2011
_d2011